| 000 | 00902nam a2200241 a 4500 | ||
|---|---|---|---|
| 005 | 20240925064837.0 | ||
| 008 | 040115s2003 mx r 000 0 spa d | ||
| 020 | _a847112484X | ||
| 035 | _aUPN01000131331 | ||
| 049 | _aCG | ||
| 050 | 4 |
_aHV40.8 R2 _bS5.6 |
|
| 100 | 1 | _aSmale, Gerald | |
| 245 | 1 | 0 |
_aProblemas sociales y trabajo social : _bhacia la inclusión y el cambio social / _cGerald Smale, Graham Tuson y Daphne Statham ; tr. de Pablo Manzano. |
| 260 |
_aMadrid : _bMorata : _bFundación Paideia Galiza, _c2003. |
||
| 300 | _a263 p. | ||
| 440 | 0 |
_aPedagogía. _pEducación crítica |
|
| 534 |
_pTraducción de: _tSocial work and social problems : working towards social inclusion and social change |
||
| 650 | 4 |
_aSERVICIO SOCIAL - _zGRAN BRETAÑA _923895 |
|
| 650 | 2 |
_aProblemas sociales _96247 |
|
| 700 | 1 |
_aTuson, Graham, _ecoaut. |
|
| 700 | 1 |
_aStatham, Daphne, _ecoaut. |
|
| 905 | _aLibro | ||
| 999 |
_c103486 _d103486 |
||